Normal view
MARC view
Entry Personal Name
001 - CONTROL NUMBER
- control field: 1018471
003 - CONTROL NUMBER IDENTIFIER
- control field: OSt
005 - DATE AND TIME OF LATEST TRANSACTION
- control field: 20260121155342.0
008 - FIXED-LENGTH DATA ELEMENTS
- fixed length control field: 260121|| aca||aabn | a|a d
040 ## - CATALOGING SOURCE
- Original cataloging agency: OSt
- Transcribing agency: OSt
100 ## - HEADING--PERSONAL NAME
- Personal name: David Grinlinton; Rod Thomas
670 ## - SOURCE DATA FOUND
- Source citation: Work cat.: (OSt)1585290: David Grinlinton; Rod Thomas , Land Registration and Title Security in the Digital Age
